00561nam a2200157 a 450000100100000000500170001000800410002702000150006804000250008308200100010824501250011826000540024330000410029770000310033870000340036900000178720200929145712.0090629s2006 ck a 000 0 spa d a9592112495 aDO-SdBNPbspacBNPHU aC568m00aCicatrices en la memoria :bcolectivo de autores /cRoberto Fernández Retamar...[et al] ; editor Eduardo Heras León. aLa Habana :bEditorial Capitán San Luis,c2006. a206,[10] p. :bil., retrs. ;c23 cm.12aFernández Retamar,Robert1 aHeras León, Eduardoeeditor